| 000 | 00911nam a22001817a 4500 | ||
|---|---|---|---|
| 005 | 20220221131952.0 | ||
| 008 | 220221b ||||| |||| 00| 0 eng d | ||
| 020 | _a9780691656793 | ||
| 050 | _aHQ1075.5.G7 K46 | ||
| 100 | _9Kent, Susan Kingsley. | ||
| 245 |
_aMaking peace : the reconstruction of gender in interwar Britain / _cSusan Kingsley Kent. |
||
| 250 | _aPrinceton Legacy Library edition 2019 | ||
| 260 | _c1993. | ||
| 300 |
_ax, 182 p. : _c27 cm. |
||
| 500 | _aIncludes bibliographical references and index. | ||
| 505 | _aContents : The sexual representation of war, 1914-1915 : reestablishing separate spheres -- The sexual representation of war 1915-1918 : sex, war, and sex war -- Feminists at the front : reinventing masculinity -- The vote : sex and suffrage in Britain, 1916-1918 -- Postwar disorder and the salvation of sex -- Postwar feminism : establishing the peace. | ||
| 942 |
_2lcc _cBK |
||
| 999 |
_c8744 _d16244 |
||